[Event "HUN-chT2 Asztalos 1819"]
[Site "Hungary"]
[Date "2019.01.27"]
[Round "4.10"]
[White "Ronai, Akos Balazs"]
[Black "Mihalecz, Attila"]
[Result "1-0"]
[WhiteElo "1706"]
[BlackElo "1980"]
[PlyCount "63"]
[EventDate "2018.10.28"]
[EventType "team-tourn"]
[EventRounds "9"]
[EventCountry "HUN"]
[SourceTitle "CBM 189 Extra"]
[Source "ChessBase"]
[SourceDate "2019.06.03"]
[SourceVersion "1"]
[SourceVersionDate "2019.06.03"]
[SourceQuality "1"]
[WhiteTeam "Karmin"]
[BlackTeam "Nagyatad"]
[WhiteTeamCountry "HUN"]
[BlackTeamCountry "HUN"]

1. e4 b6 2. Nf3 Bb7 3. Nc3 e6 4. d4 Bb4 5. Bd3 Nf6 6. Qe2 d5 7. e5 Ne4 8. Bd2 Nxc3 9. bxc3 Be7 10. h4 h6 11. Rh3 c5 12. Qf1 Nc6 13. Rb1 c4 14. Be2 Qd7 15. Ng1 Na5 16. Bd1 Qa4 17. Rb2 Nc6 18. f4 Qa3 19. Bc1 Bxh4+ 20. Kd2 Qe7 21. g3 Nxd4 22. cxd4 c3+ 23. Kxc3 Qa3+ 24. Kd2 Ba6 25. Be2 Bxe2 26. Qxe2 Bxg3 27. Qb5+ Ke7 28. Kd1 Qc3 29. Qb4+ Qxb4 30. Rxb4 Bf2 31. Ne2 Rac8 32. Rh2 1-0

[Event "HUN-chT2 Asztalos 1718"]
[Site "Hungary"]
[Date "2017.11.26"]
[Round "2.10"]
[White "Mihalecz, Attila"]
[Black "Rostas, Sandor"]
[Result "1-0"]
[WhiteElo "2001"]
[BlackElo "1582"]
[PlyCount "49"]
[EventDate "2017.10.29"]
[EventType "team-tourn"]
[EventRounds "9"]
[EventCountry "HUN"]
[SourceTitle "EXT 2021"]
[Source "ChessBase"]
[SourceDate "2020.10.23"]
[SourceVersion "1"]
[SourceVersionDate "2020.10.23"]
[SourceQuality "1"]
[WhiteTeam "Nagyatad"]
[BlackTeam "Szentlorinc"]
[WhiteTeamCountry "HUN"]
[BlackTeamCountry "HUN"]

1. e4 c5 2. Nf3 d6 3. d4 cxd4 4. Qxd4 a6 5. Be3 Nc6 6. Qd2 Nf6 7. Nc3 g6 8. 0-0-0 Bg7 9. Bh6 Kf8 10. e5 Ne8 11. Bc4 Bf5 12. Qf4 Qc8 13. exd6 Nxd6 14. Bb3 Be6 15. Ne5 Bxb3 16. axb3 f6 17. Nxc6 Qxc6 18. Rhe1 Bxh6 19. Qxh6+ Kf7 20. Qd2 Rhd8 21. Qe2 e5 22. f4 Re8 23. Qd2 Rad8 24. fxe5 fxe5 25. Qg5 1-0

[Event "HUN-chT2 Asztalos 1617"]
[Site "Hungary"]
[Date "2017.02.12"]
[Round "8.8"]
[White "Illes, Attila"]
[Black "Mihalecz, Attila"]
[Result "1/2-1/2"]
[WhiteElo "1973"]
[BlackElo "2028"]
[PlyCount "25"]
[EventDate "2016.09.25"]
[EventType "team-tourn"]
[EventRounds "11"]
[EventCountry "HUN"]
[SourceTitle "EXT 2021"]
[Source "ChessBase"]
[SourceDate "2020.10.23"]
[SourceVersion "1"]
[SourceVersionDate "2020.10.23"]
[SourceQuality "1"]
[WhiteTeam "Kaposvar Bastya"]
[BlackTeam "Nagyatad"]
[WhiteTeamCountry "HUN"]
[BlackTeamCountry "HUN"]

1. c4 d6 2. Nc3 e5 3. g3 c6 4. Bg2 Be7 5. e3 f5 6. Nge2 Be6 7. b3 Nh6 8. 0-0 0-0 9. Bb2 Nd7 10. d4 e4 11. d5 Bf7 12. f3 exf3 13. Bxf3 1/2-1/2

[Event "HUN-chT2 Asztalos 1617"]
[Site "Hungary"]
[Date "2016.10.09"]
[Round "2.7"]
[White "Kovacs, Tibor"]
[Black "Mihalecz, Attila"]
[Result "0-1"]
[WhiteElo "1849"]
[BlackElo "2028"]
[PlyCount "70"]
[EventDate "2016.09.25"]
[EventType "team-tourn"]
[EventRounds "11"]
[EventCountry "HUN"]
[SourceTitle "EXT 2021"]
[Source "ChessBase"]
[SourceDate "2020.10.23"]
[SourceVersion "1"]
[SourceVersionDate "2020.10.23"]
[SourceQuality "1"]
[WhiteTeam "Pecs Karmin"]
[BlackTeam "Nagyatad"]
[WhiteTeamCountry "HUN"]
[BlackTeamCountry "HUN"]

1. e4 b6 2. Nc3 Bb7 3. Nf3 e6 4. d4 Bb4 5. e5 Ne7 6. Bd2 0-0 7. a3 Bxc3 8. Bxc3 d6 9. Bd3 dxe5 10. dxe5 Ng6 11. Bd2 Nd7 12. Bxg6 fxg6 13. Qe2 Rf5 14. 0-0-0 Bxf3 15. gxf3 Rxe5 16. Be3 Qe7 17. Qc4 Nf6 18. Bd4 Rf5 19. Rhe1 Re8 20. Rd3 Qf7 21. Qa4 c5 22. Be5 Nd5 23. f4 h6 24. c4 Nxf4 25. Rd7 Re7 26. Rd8+ Kh7 27. Bc3 e5 28. Qc6 Ne6 29. Rd5 Nd4 30. Rd8 Rxf2 31. Qa8 g5 32. h4 Qf5 33. Rh8+ Kg6 34. h5+ Kxh5 35. Qe4 Qxe4 0-1

[Event "HUN-chT2 Asztalos 1516"]
[Site "Hungary"]
[Date "2015.11.29"]
[Round "5.9"]
[White "Boka, Robert"]
[Black "Mihalecz, Attila"]
[Result "0-1"]
[WhiteElo "1832"]
[BlackElo "2047"]
[PlyCount "76"]
[EventDate "2015.09.13"]
[EventType "team-tourn"]
[EventRounds "11"]
[EventCountry "HUN"]
[SourceTitle "CBM 170 Extra"]
[Source "ChessBase"]
[SourceDate "2016.02.25"]
[SourceVersion "1"]
[SourceVersionDate "2016.02.25"]
[SourceQuality "1"]
[WhiteTeam "Komlo Banyasz"]
[BlackTeam "Nagyatad"]
[WhiteTeamCountry "HUN"]
[BlackTeamCountry "HUN"]

1. e4 b6 2. d4 Bb7 3. Bd3 Nf6 4. Nc3 e6 5. Bf4 Bb4 6. Bg5 h6 7. Bxf6 Qxf6 8. Nge2 Nc6 9. a3 Bxc3+ 10. bxc3 e5 11. d5 Ne7 12. 0-0 Ng6 13. Qd2 0-0 14. f4 exf4 15. Nxf4 Nxf4 16. Rxf4 Qe7 17. a4 Rae8 18. Raf1 Bc8 19. R1f3 d6 20. Bb5 Bd7 21. Rg3 f5 22. Bxd7 Qxd7 23. exf5 Rxf5 24. Rfg4 Rf7 25. h4 h5 26. Rg6 Qf5 27. c4 Re4 28. Re6 Qf1+ 29. Kh2 Rxh4+ 30. Rh3 Rxh3+ 31. Kxh3 Qf5+ 32. Kh2 Qf4+ 33. Qxf4 Rxf4 34. Re8+ Kf7 35. Ra8 Rxc4 36. Rxa7 Rxc2 37. a5 bxa5 38. Rxa5 Kf6 0-1

[Event "HUN-chT2 Asztalos 1516"]
[Site "Hungary"]
[Date "2015.11.08"]
[Round "4.9"]
[White "Mihalecz, Attila"]
[Black "Jaeger, Laszlo"]
[Result "1-0"]
[WhiteElo "2047"]
[BlackElo "1854"]
[PlyCount "69"]
[EventDate "2015.09.13"]
[EventType "team-tourn"]
[EventRounds "11"]
[EventCountry "HUN"]
[SourceTitle "CBM 170 Extra"]
[Source "ChessBase"]
[SourceDate "2016.02.25"]
[SourceVersion "1"]
[SourceVersionDate "2016.02.25"]
[SourceQuality "1"]
[WhiteTeam "Nagyatad"]
[BlackTeam "Baja Spartacus"]
[WhiteTeamCountry "HUN"]
[BlackTeamCountry "HUN"]

1. e4 c5 2. Nf3 e6 3. Nc3 a6 4. d4 cxd4 5. Nxd4 Nc6 6. Nxc6 dxc6 7. Bd3 Nf6 8. 0-0 Be7 9. e5 Nd7 10. Qg4 g6 11. Re1 b5 12. f4 Nc5 13. Be3 b4 14. Ne4 Nxe4 15. Bxe4 Qc7 16. Rad1 Rb8 17. Qf3 Bb7 18. Ba7 Rc8 19. Rd3 Ba8 20. Be3 0-0 21. Red1 Qa5 22. Qf2 c5 23. Bxa8 Rxa8 24. Rd7 Rfe8 25. Qf3 Rab8 26. Qc6 Rbc8 27. Qb7 Rb8 28. Qc7 Qxc7 29. Rxc7 Bd8 30. Rc6 Bb6 31. Rdd6 Ba7 32. Rxa6 Rb7 33. Rac6 Rb5 34. Rd7 Bb6 35. Rb7 1-0

[Event "HUN-chT2 Asztalos 1415"]
[Site "Hungary"]
[Date "2014.11.30"]
[Round "3"]
[White "Palfi, Peter"]
[Black "Mihalecz, Attila"]
[Result "0-1"]
[WhiteElo "1666"]
[BlackElo "2050"]
[PlyCount "110"]
[EventDate "2014.10.12"]
[EventType "team-tourn"]
[EventRounds "9"]
[EventCountry "HUN"]
[SourceTitle "EXT 2016"]
[Source "ChessBase"]
[SourceDate "2015.10.08"]
[SourceVersion "1"]
[SourceVersionDate "2015.10.08"]
[SourceQuality "1"]
[WhiteTeam "Marcali"]
[BlackTeam "Nagyatad"]
[WhiteTeamCountry "HUN"]
[BlackTeamCountry "HUN"]

1. e4 b6 2. d4 Bb7 3. Nc3 e6 4. Be3 Bb4 5. Bd3 Nf6 6. f3 d5 7. e5 Nfd7 8. Nge2 c5 9. a3 Bxc3+ 10. Nxc3 cxd4 11. Bxd4 Nc6 12. Be2 Ndxe5 13. Bxe5 Nxe5 14. Qd4 Qf6 15. Nb5 0-0 16. f4 Nd7 17. Qxf6 Nxf6 18. Nd4 Rac8 19. 0-0-0 Ne4 20. Rhf1 Rc5 21. Bd3 Rfc8 22. Nb3 R5c7 23. Nd4 a6 24. Kb1 Nc5 25. g4 Nxd3 26. Rxd3 Bc6 27. c3 Bd7 28. Rg3 Rc4 29. Rf2 a5 30. Re2 b5 31. Ree3 b4 32. axb4 axb4 33. Ne2 bxc3 34. Rxc3 Rxc3 35. Rxc3 Kf8 36. Rxc8+ Bxc8 37. b4 Ke7 38. Kc2 Ba6 39. Nd4 Kd6 40. Kc3 f6 41. h4 g6 42. g5 e5 43. fxe5+ fxe5 44. Nc2 d4+ 45. Kd2 Kd5 46. Na3 e4 47. b5 Bc8 48. Nc2 e3+ 49. Ke2 Ke4 50. Na3 d3+ 51. Kf1 d2 52. Kg2 d1Q 53. b6 Qf3+ 54. Kh2 Bh3 55. b7 Qg2# 0-1

[Event "HUN-chT2 Asztalos 1314"]
[Site "Hungary"]
[Date "2014.02.16"]
[Round "5"]
[White "Mihalecz, Attila"]
[Black "Palotas, Karoly"]
[Result "1-0"]
[WhiteElo "2038"]
[BlackElo "1847"]
[PlyCount "69"]
[EventDate "2013.09.08"]
[EventType "team-tourn"]
[EventRounds "9"]
[EventCountry "HUN"]
[SourceTitle "EXT 2016"]
[Source "ChessBase"]
[SourceDate "2015.10.08"]
[SourceVersion "1"]
[SourceVersionDate "2015.10.08"]
[SourceQuality "1"]
[WhiteTeam "Nagyatad"]
[BlackTeam "Marcali"]
[WhiteTeamCountry "HUN"]
[BlackTeamCountry "HUN"]

1. e4 d6 2. d4 g6 3. Nc3 Bg7 4. Be2 Nf6 5. g4 a6 6. g5 Nfd7 7. f4 c5 8. d5 Qa5 9. Qd3 b5 10. Bd2 c4 11. Qe3 Qc7 12. a3 Nc5 13. h4 h5 14. gxh6 Rxh6 15. Nf3 Bg4 16. Nd4 Bxe2 17. Ncxe2 Nbd7 18. Bc3 Nf6 19. Ng3 0-0-0 20. h5 Rdh8 21. 0-0-0 Nxh5 22. Nxh5 Rxh5 23. Rxh5 Rxh5 24. Nxb5 axb5 25. Bxg7 Qd7 26. Bd4 Rh3 27. Qe2 Rh4 28. Bxc5 dxc5 29. Qf2 Rg4 30. Qxc5+ Qc7 31. Qxb5 Qxf4+ 32. Kb1 Qxe4 33. Qc5+ Kb8 34. Qb6+ Kc8 35. d6 1-0

[Event "HUN-chT2 Asztalos 0910"]
[Site "Hungary"]
[Date "2010.01.31"]
[Round "5"]
[White "Pribek, Laszlo"]
[Black "Mihalecz, Attila"]
[Result "1-0"]
[WhiteElo "2169"]
[BlackElo "2113"]
[PlyCount "53"]
[EventDate "2009.11.08"]
[EventType "team-tourn"]
[EventRounds "11"]
[EventCountry "HUN"]
[SourceTitle "EXT 2011"]
[Source "ChessBase"]
[SourceDate "2010.11.26"]
[SourceVersion "1"]
[SourceVersionDate "2010.11.26"]
[SourceQuality "1"]
[WhiteTeam "Szekesfehervar"]
[BlackTeam "Nagyatad"]
[WhiteTeamCountry "HUN"]
[BlackTeamCountry "HUN"]

1. e4 b6 2. d4 Bb7 3. Nd2 e6 4. Ngf3 Nf6 5. Bd3 c5 6. c3 cxd4 7. cxd4 d5 8. e5 Ne4 9. Qe2 Bb4 10. 0-0 Nxd2 11. Nxd2 Qh4 12. f4 Bxd2 13. Bxd2 Nc6 14. Bc3 g5 15. g3 Qh6 16. f5 Qg7 17. Qh5 exf5 18. Rxf5 Qg6 19. Qf3 0-0 20. Rf6 Qg7 21. Qh5 Nxe5 22. dxe5 d4 23. Bb4 Rfe8 24. Bd6 Re6 25. Rxe6 fxe6 26. Rf1 Rd8 27. Bxh7+ 1-0

[Event "HUN-chT2 Asztalos 0910"]
[Site "Hungary"]
[Date "2009.12.20"]
[Round "4"]
[White "Mihalecz, Attila"]
[Black "Schmeizl, Csaba"]
[Result "1/2-1/2"]
[WhiteElo "2113"]
[BlackElo "1904"]
[PlyCount "84"]
[EventDate "2009.11.08"]
[EventType "team-tourn"]
[EventRounds "11"]
[EventCountry "HUN"]
[SourceTitle "EXT 2011"]
[Source "ChessBase"]
[SourceDate "2010.11.26"]
[SourceVersion "1"]
[SourceVersionDate "2010.11.26"]
[SourceQuality "1"]
[WhiteTeam "Nagyatad"]
[BlackTeam "Siklos"]
[WhiteTeamCountry "HUN"]
[BlackTeamCountry "HUN"]

1. e4 c5 2. Nf3 d6 3. d4 cxd4 4. Qxd4 Nc6 5. Bb5 Bd7 6. Bxc6 Bxc6 7. Nc3 Nf6 8. Bg5 Qa5 9. 0-0 h6 10. b4 Qb6 11. Bxf6 gxf6 12. Nd5 Qxd4 13. Nxd4 Rc8 14. Rac1 Bxd5 15. exd5 Rg8 16. Rfe1 Rg5 17. c4 Re5 18. Kf1 Kd7 19. f4 Rxe1+ 20. Kxe1 e6 21. Kd2 h5 22. Rc2 Bh6 23. g3 h4 24. Ke2 f5 25. Kf3 hxg3 26. hxg3 Bg7 27. Ke3 Bf6 28. Kd3 Rg8 29. Ne2 e5 30. c5 Rc8 31. fxe5 dxe5 32. a4 a5 33. bxa5 Be7 34. Rb2 Rxc5 35. Rxb7+ Kd6 36. Rb5 Kxd5 37. Nc3+ Kc6 38. Rb6+ Kd7 39. a6 Ra5 40. Rb7+ Ke6 41. Rb6+ Kd7 42. Rb7+ Ke6 1/2-1/2

[Event "HUN-chT2 Asztalos 0809"]
[Site "Hungary"]
[Date "2009.03.08"]
[Round "9"]
[White "Mihalecz, Attila"]
[Black "Javor, Sandor"]
[Result "0-1"]
[WhiteElo "2113"]
[BlackElo "2279"]
[PlyCount "48"]
[EventDate "2008.10.26"]
[EventType "team-tourn"]
[EventRounds "11"]
[EventCountry "HUN"]
[SourceTitle "EXT 2010"]
[Source "ChessBase"]
[SourceDate "2010.11.25"]
[SourceVersion "1"]
[SourceVersionDate "2010.11.25"]
[SourceQuality "1"]
[WhiteTeam "Tamasi Szabadido"]
[BlackTeam "Baja"]
[WhiteTeamCountry "HUN"]
[BlackTeamCountry "HUN"]

1. e4 c6 2. Nc3 d5 3. Nf3 e6 4. d4 Bb4 5. e5 c5 6. Be2 Nc6 7. Be3 cxd4 8. Bxd4 Nge7 9. 0-0 Nf5 10. a3 Nfxd4 11. axb4 Nxf3+ 12. Bxf3 Nxb4 13. Nb5 0-0 14. Nxa7 Bd7 15. c4 Qb6 16. Qb3 dxc4 17. Qxc4 Na6 18. Qd3 Rfd8 19. Rxa6 Qxa6 20. Qxa6 bxa6 21. Nc6 Bxc6 22. Bxc6 Rab8 23. h3 Rxb2 24. Ra1 Rb6 0-1